Olivia Rodrigo - Finish The Lyrics - Statistics

General Stats
  • This quiz has been taken 150 times
  • The average score is 5 of 6
Answer Stats
Hint Answer % Correct
“And you're probably with that blonde girl, who always…” made me doubt
88%
“I met a guy in the summer and I left…” him in the spring
83%
“I see the parties and the diamonds sometimes…” when I close my eyes
79%
“Maybe I'm too emotional, or maybe…” you never cared at all
71%
“I made the jokes you tell to her when…” she's with you
68%
“And now, every time a siren sounds, I wonder…” if you're around
67%
No matching quizzes found
Score Distribution
Percent of People with Each Score
Percentile by Number Answered
Your Score History
You have not taken this quiz